LEADER 03346 am 2200649 n 450 001 9910169187603321 005 20170202 010 $a2-87854-739-X 035 $a(CKB)3710000001157425 035 $a(FrMaCLE)OB-psn-1280 035 $a(oapen)https://directory.doabooks.org/handle/20.500.12854/53979 035 $a(PPN)202671291 035 $a(EXLCZ)993710000001157425 100 $a20170412j|||||||| ||| 0 101 0 $afre 135 $auu||||||m|||| 181 $ctxt$2rdacontent 182 $cc$2rdamedia 183 $acr$2rdacarrier 200 13$aLe mot juste $eDes mots à l?essai aux mots à l??uvre /$fJohan Faerber, Mathilde Barraband, Aurélien Pigeat 210 $aParis $cPresses Sorbonne Nouvelle$d2017 215 $a1 online resource (178 p.) 311 $a2-87854-347-5 330 $aComment trouver le mot juste ? Telle est la question que se posent écrivains et chercheurs. Engagés conjointement dans la recherche du mot adéquat, ils se livrent chacun à une écriture critique, toujours partagée entre création et commentaire, ?uvre et essai, justice et justesse. Mais le mot juste existe-t-il ? N?est-il pas plutôt à entendre comme un paradoxe qui admet et refuse dans le même temps toute parole ? Car parler ne suffit en effet peut-être jamais à dire ce que l?on voudrait dire. Loin de se limiter au seul problème lexical, s?interroger sur le mot juste devient ainsi l?occasion de redéfinir l?acte d?écrire sinon d?en tracer une histoire renouvelée. N?ud dialectique, le mot juste ne semble laisser place dans ses tentatives qu?à une langue négative qui ne trouve pas ses mots. D?impropriétés en impropriétés, chercher le mot juste revient en définitive à mettre un nom pour en finir sans pour autant hélas parvenir à sortir de la page noire, là où toute langue ne se dit qu?à demi-mot. Parce que, depuis son impuissance fondatrice qu?il entend conjurer, le mot juste ne cesse d?adresser cette interrogation peut-être insoluble : et si l?écriture était toujours l?écriture moins l?écriture ? 606 $aVocabulary 606 $aTerms and phrases 606 $aFrench language$xVocabulary 606 $aFrench language$xTerms and phrases 606 $aFrench language$xUsage 610 $apertinence 610 $alittérature française 610 $arhétorique 610 $alogique 610 $acommunication écrite 615 0$aVocabulary. 615 0$aTerms and phrases. 615 0$aFrench language$xVocabulary. 615 0$aFrench language$xTerms and phrases. 615 0$aFrench language$xUsage. 700 $aBarraband$b Mathilde$01235167 701 $aBedrane$b Sabrinelle$0377437 701 $aBikialo$b Stéphane$01154569 701 $aCamus$b Audrey$01283480 701 $aFaerber$b Johan$01235166 701 $aJeannelle$b Jean-Louis$01303046 701 $aLasserre$b Audrey$01236063 701 $aLoignon$b Sylvie$01240678 701 $aPigeat$b Aurélien$01235168 701 $aSnauwaert$b Maïté$01286247 701 $aFaerber$b Johan$01235166 701 $aBarraband$b Mathilde$01235167 701 $aPigeat$b Aurélien$01235168 801 0$bFR-FrMaCLE 906 $aBOOK 912 $a9910169187603321 996 $aLe mot juste$93026840 997 $aUNINA LEADER 01265nam--2200373---450- 001 990003017480203316 005 20071120112440.0 035 $a000301748 035 $aUSA01000301748 035 $a(ALEPH)000301748USA01 035 $a000301748 100 $a20071120d1982----km-y0itay50------ba 101 $aita 102 $aIT 105 $a||||||||001yy 200 1 $a<> attentato agli impianti e il delitto di riciclaggio$eartt. 1 e 3 D.L. 21 marzo 1978 n. 59, convertito con modificazioni nella L. 18 maggio 1978 n. 191$fAndrea Antonio Dalia$gintroduzione e appendice a cura di G. Conso 210 $aMilano$cGiuffrè$d1982 215 $a131 p.$d24 cm 225 2 $aLa legislazione dell'emergenza$v1 410 0$12001$aLa legislazione dell'emergenza 454 1$12001 461 1$1001-------$12001 606 0 $aAttentato a impianti di pubblica utilità 676 $a364.14 700 1$aDALIA,$bAndrea Antonio$0226815 702 1$aCONSO,$bG. 801 0$aIT$bsalbc$gISBD 912 $a990003017480203316 951 $a364.14 DAL$b1178 DITESI (sez. 2 n. 360) 959 $aBK 969 $aDITESI 979 $aDITESI$b10$c20071120$lUSA01$h1124 996 $aAttentato agli impianti e il delitto di riciclaggio$91024969 997 $aUNISA